000 00293nam a22001337a 4500
008 180216b xxu||||| |||| 00| 0 eng d
020 _a9781256777137
041 _aeng
080 _a37
100 _a47
101 _aEDU
245 _aCompose design adrocate
_cWysocki,A.F
942 _2udc
_cBK
999 _c42776
_d42776